| 000 | 00687nab a2200169Ia 4500 | ||
|---|---|---|---|
| 003 | ES-SlBCS | ||
| 005 | 20210601133739.0 | ||
| 008 | 140529s2005 xxu||||| |||| 00| 0 por d | ||
| 041 | _apor | ||
| 100 | 1 |
_aDela Coleta, José Augusto _9209074 |
|
| 245 | 0 | 2 |
_aA cultura organizacional real e idealizada de faculdade de licenciatura e a percepçao de sas práticas e qualidades _c José Augusto Dela Coleta, Marília Ferreira Dela Coleta, Simao Pedro Lima |
| 650 | 0 | 4 |
_aCultura Organizativa _9209137 |
| 700 | 1 |
_aDela Coleta, Marília Ferreira _9209076 |
|
| 700 | 1 |
_aLima, Simao Pedro _9209138 |
|
| 773 | 0 |
_tEducaçao e Filosofia _gvol. 19, nº. 37, 2005, págs. 51-67 _wRev1534 |
|
| 942 | _cAR | ||
| 999 |
_c601462 _d601462 |
||